| 000 | 00927cam a2200301 4500 | ||
|---|---|---|---|
| 008 | 090401t1996 xxu||||| |||| 00| 0 eng d | ||
| 020 | _a0854068090 | ||
| 035 | _a(Sirsi) u67519 | ||
| 041 | _aeng | ||
| 050 | _a333.78 | ||
| 090 | _aRICS 1996/106ABCD | ||
| 100 | _aCarter, Adam | ||
| 245 | _aPublic access to the countryside : a review of the written policy statements. | ||
| 260 |
_aLondon _bRICS _c1996 |
||
| 300 | _a26p. ; 30cm. | ||
| 350 | _a5.95 | ||
| 650 | _aACCESS TO THE COUNTRYSIDE | ||
| 650 | _aCOUNTRYSIDE | ||
| 650 | _aPOLICY STATEMENT | ||
| 650 | _aPUBLIC ACCESS | ||
| 690 | _aRURAL PRACTICE | ||
| 700 | _aFelton, Tim | ||
| 700 | _aDavies, Dafydd | ||
| 710 |
_aRoyal Institution of Chartered Surveyors _94900 |
||
| 856 | 4 | 1 |
_uhttps://www.rics.org/Global/Downloads/public_access_policy_review_19970101.pdf _zView this item free of charge at www.rics.org... |
| 942 | _n0 | ||
| 948 | _c04/03/1997 | ||
| 999 |
_c95022 _d95022 |
||